000303673 001__ 303673
000303673 005__ 20240928181246.0
000303673 0247_ $$aG:(GEPRIS)423500666$$d423500666
000303673 035__ $$aG:(GEPRIS)423500666
000303673 040__ $$aGEPRIS$$chttp://gepris.its.kfa-juelich.de
000303673 150__ $$aFluoreszenzspektrometer mit Mikroskopanbindung$$y2019
000303673 371__ $$aProfessor Dr.-Ing. Wolfgang Kowalsky
000303673 450__ $$aDFG project G:(GEPRIS)423500666$$wd$$y2019
000303673 5101_ $$0I:(DE-588b)2007744-0$$aDeutsche Forschungsgemeinschaft$$bDFG
000303673 680__ $$aDie zeitaufgelöste optische Spektroskopie stellt die Basis der grundlegenden Charakterisierung lumineszierender organischer und anorganischer Materialien dar. Die zusätzliche Einführung einer 2- oder 3-dimensionalen Abbildung der Probe erfordert die Zusammenführung spektroskopischer Verfahren mit einer räumlichen Abbildung. Verschiedene Geometrien von festen und flüssigen Proben und unterschiedliche Anregungs- und Emissionswellenlängen im sichtbaren Spektralbereich stellen hohe Anforderungen an die Flexibilität des Messsystems. Diese lässt sich durch die Kopplung eines konfokalen Lichtmikroskops mit einem Fluoreszenzspektrometer erreichen. Dabei wird eine Laserquelle in das Lichtmikroskop eingekoppelt, die Messung in Reflexion durchgeführt und die Emission über eine optische Faser in das Spektrometer eingekoppelt. Durch diesen Ansatz wird die zeitliche und spektrale Auflösung des Spektrometers mit der räumlichen Auflösung des konfokalen Mikroskops kombiniert.
000303673 909CO $$ooai:juser.fz-juelich.de:970416$$pauthority$$pauthority:GRANT
000303673 909CO $$ooai:juser.fz-juelich.de:970416
000303673 980__ $$aG
000303673 980__ $$aAUTHORITY